Paroles d' "Une jolie fleur" de Georges Brassens - Statistiques

Statistiques générales
  • Ce quiz a été pris 74 fois
  • Le résultat moyen est 192 sur 283
Statistiques - réponses
Paroles % Correct
un
98%
Une
95%
une
95%
de
93%
93%
fleur
93%
jolie
93%
dans
90%
le
88%
Le
88%
peau
88%
vache
88%
à
85%
a
85%
déguisée
85%
En
85%
en
85%
la
85%
Qui
85%
qui
85%
et
83%
Et
83%
par
83%
du
80%
vous
80%
bout
78%
coeur
78%
les
78%
me
78%
fait
75%
Mais
75%
mais
75%
belle
73%
il
73%
mène
73%
ne
73%
Ne
73%
Plus
73%
plus
73%
attache
70%
je
68%
Je
68%
que
68%
pu
65%
son
65%
Elle
63%
elle
63%
pas
63%
Puis
63%
tous
63%
y
60%
moi
58%
on
58%
pour
58%
Pour
58%
des
55%
dès
55%
n'y
55%
Jamais
53%
sur
53%
eut
50%
jour
50%
50%
près
50%
trop
50%
yeux
50%
âges
48%
Aux
48%
corsage
48%
d'amoureux
48%
dire
48%
mon
48%
terre
48%
coudre
45%
lui
45%
regardant
45%
avait
43%
faut
43%
filles
43%
m'étais
43%
ai
40%
bouche
40%
d'avoir
40%
D'avoir
40%
inventé
40%
n'avait
40%
poudre
40%
qu'un
40%
aveugles
38%
bien
38%
crevé
38%
demande
38%
feu
38%
grand
38%
J'ai
38%
qu'il
38%
touche
38%
toutes
38%
donner
35%
présent
35%
qu'on
35%
tête
35%
beaucoup
33%
cette
33%
L'esprit
33%
mis
33%
pris
33%
savais
33%
voulu
33%
champs
30%
laissant
30%
mal
30%
pardonne
30%
Saint-Jean
30%
sang
30%
appâts
28%
ciel
28%
clef
28%
funeste
28%
guérir
28%
l'amour
28%
mille
28%
N'ont
28%
personne
28%
prendre
28%
puisse
28%
servir
28%
peste
25%
tant
25%
font
20%
l'âme
20%
L'en
20%
pourvue
20%
herbes
18%
l'avait
18%
rancune
18%
Aucun quiz correspondant
Distribution des résultats
% des personnes avec chaque résultat
Percentile par nombre de réponses
Votre historique - résultats
Vous n’avez pas pris ce quiz